The with amores of. P. Ovidius Naso (Record no. 3358)

MARC details
000 -CABECERA
campo de control de longitud fija 00785nam a2200241 a 4500
001 - NÚMERO DE CONTROL
campo de control BRCA_3623
005 - FECHA Y HORA DE LA ÚLTIMA TRANSACCIÓN
campo de control 20190320204346.0
008 - DATOS DE LONGITUD FIJA--INFORMACIÓN GENERAL
campo de control de longitud fija 250809s1932----enka---###---#000-0#eng-#
041 ## - CÓDIGO DE LENGUA
Código de lengua del texto/banda sonora o título independiente eng
044 ## - CÓDIGO DEL PAÍS DE LA ENTIDAD EDITORA/PRODUCTORA
Código MARC del país enk
050 #4 - SIGNATURA TOPOGRÁFICA DE LA BIBLIOTECA DEL CONGRESO
Número de clasificación PA6519
Número de documento/Ítem .O95 1932
100 1# - ENTRADA PRINCIPAL--NOMBRE DE PERSONA
Nombre de persona Ovidius Naso, Publius
Fechas asociadas al nombre 43 a. c.-17 d. c.
9 (RLIN) 9396
245 10 - MENCIÓN DE TÍTULO
Título The with amores of. P. Ovidius Naso
Mención de responsabilidad, etc. Newly tr. by E. Powys Mathers ; with five engravings on copper by J. E. Laboureur.
260 ## - PUBLICACIÓN, DISTRIBUCIÓN, ETC.
Lugar de publicación, distribución, etc. St. Lawrence, Great Britain
Nombre del editor, distribuidor, etc. The Golden Cockered Press
Fecha de publicación, distribución, etc. 1932
300 ## - DESCRIPCIÓN FÍSICA
Extensión 82 p.
Otras características físicas il., 5 grabados
Dimensiones 25 cm.
500 ## - NOTA GENERAL
Nota general Incluye notas
500 ## - NOTA GENERAL
Nota general Grabados ejemplar numerado 291 de 350
500 ## - NOTA GENERAL
Nota general B295
700 1# - PUNTO DE ACCESO ADICIONAL--NOMBRE DE PERSONA
Nombre de persona Mathers, E. Powys
Término indicativo de función/relación tr
9 (RLIN) 9397
700 1# - PUNTO DE ACCESO ADICIONAL--NOMBRE DE PERSONA
Nombre de persona Laboureur, J. E.
9 (RLIN) 9398
902 ## - CATALOGADOR
Iniciales GFM
942 ## - ELEMENTOS DE PUNTO DE ACCESO ADICIONAL (KOHA)
Fuente del sistema de clasificación o colocación Library of Congress Classification
Tipo de ítem Koha Libros
Holdings
Estado de retiro Estado de pérdida Estado dañado No para préstamo Localización permanente Ubicación/localización actual Fecha de adquisición Número de inventario Total de préstamos Signatura topográfica completa Código de barras Fecha visto por última vez Precio válido a partir de Tipo de ítem Koha
El ejemplar forma parte de la colección y puede ser consultado según las políticas vigentes.       Biblioteca del Museo Franz Mayer (Rogerio Casas-Alatriste) Biblioteca del Museo Franz Mayer (Rogerio Casas-Alatriste) 25/08/2009 B295   PA6519 .O95 1932 (B295) 3620 22/03/2019 22/03/2019 Libros